000 00639nam a2200217 i 4500
001 72219
003 ES-MaACL
005 20251009173350.0
007 t|
008 040827s1947 sp ||||1| spa d
100 1 _aGillet, Louis.
_956970
245 1 0 _aDante /
_cpor Louis Gillet ; [traducción del francés por Carlos Riba].
250 _a[1ª ed.].
260 _aBarcelona :
_bJosé Janés,
_c[1947]
300 _a298 p. ;
_c17 cm.
490 1 _aManantial que no cesa
700 1 _aRiba, Carles,
_d1893-1959
_996698
830 0 _aManantial que no cesa
_9181138
852 _aES-MaACL
_jD-7360
_bR.28661
999 _c72219
_d72219